|
|
|
|
| LEADER |
00000naa a2200000uu 4500 |
| 001 |
vtls011073731 |
| 003 |
SK-MaSNL |
| 005 |
20260302141751.0 |
| 008 |
210908|2007 xo |||||||||||||||||slo| |
| 015 |
|
|
|a SNBRA
|
| 035 |
|
|
|a (urnnbn)urn:nbn:sk:snk:ar-a0ccow
|
| 035 |
|
|
|a (uuid)25e0d637-2b6a-4b73-865a-6b3fec155e41
|
| 035 |
|
|
|a urn:nbn:sk:snk-aaviwv
|
| 040 |
|
|
|a SNKBUCL
|b slo
|c SNKBUCL
|e AACR2
|
| 041 |
0 |
|
|a slo
|
| 044 |
|
|
|a xo
|c SK
|
| 100 |
1 |
|
|a Ilkovič, Ján,
|d 1957-
|4 aut
|9 9626
|
| 245 |
1 |
0 |
|a PREMENA FUNKCIÍ VÝROBNÝCH BUDOV NA VIDIEKU
|c Ján Ilkovič
|
| 773 |
0 |
|
|t "Urbanistické, architektonické a technické aspekty obnovy vidieka VI."
|d Bratislava : Slovenská technická univerzita, 2007
|g S. 74-81
|z 9788022727808
|
| 958 |
|
|
|a OND
|
| 958 |
|
|
|a article12
|
| 958 |
|
|
|a chapter
|
| 999 |
|
|
|c 1336799
|d 1338729
|